| 000 | 00725nmm a2200277 a 4500 | ||
|---|---|---|---|
| 003 | AR-BaBNM | ||
| 005 | 20251128205719.0 | ||
| 008 | 028019s1996 ||||||||||||||000 | spa|| | ||
| 020 | _a950-724-563-4 | ||
| 040 | _cAR-BaBNM | ||
| 100 | 1 | _aDuckworth, Sue | |
| 245 | 1 | 0 | _aCómo ser un experto en reciclaje |
| 250 | _a1ª ed. | ||
| 260 |
_aBuenos Aires _bLumen _c1996 |
||
| 300 | 0 |
_a46 p. _bil. |
|
| 500 | 0 | _aGlosario p. 44-45 | |
| 650 | 4 | _aACTIVIDADES DE APRENDIZAJE | |
| 650 | 4 | _aAPRENDIZAJE MEDIANTE LA PRACTICA | |
| 650 | 4 | _aDESECHOS | |
| 650 | 4 | _aACTIVIDADES FUERA DE PROGRAMA | |
| 650 | 4 | _aRECICLAJE | |
| 653 | 0 | _aTRABAJO MANUAL | |
| 700 | 1 |
_aTracchia, Elsa _etraductor |
|
| 942 | _cBK | ||
| 998 | _cCarmen | ||
| 999 |
_c12514 _d12514 |
||